01544 a2200229 45000010006000000050017000060080041000230030015000640400040000790800077001192450042001962640034002383000019002725050840002911000025011317000028011567000022011847000034012067000022012407000025012627000027012875902320260407155845.0260407a1975 arg spa dAR-UNSa-BCEJYS aAR-UNSa-BCEJYSbspacAR-UNSa-BCEJYS a330.342.22xEconomía en desarrollo. Economía en industrialización 10aProblemas argentinos y sus soluciones 1aBuenos Aires :bPleamarc1975 a339 p.c20 cm. a1. Hacia el desarrollo de nuestra Marina Mercante de Ultramar, por el contraalmirante (RE) Enrique L. Carranza - 2. La industria siderúrgica en la Argentina, por el Teniente General (RE) Pedro F. Castiñeiras - 3. La cuestión agraria, por Federico A. M. Dozo - 4. La situación energética en la República Argentina, por el Profesor Servando R. M. Dozo - 5. Dependencia regional y planificación, por Rolando I. Gioja - 6. Nuestros recursos humanos, por el Teniente General (RE) Benjamín Rattenbach - 7. Juventud y madurez en la época actual, por el Teniente General (RE) Benjamín Rattenbach - 8. Nuestra planificación estatal, por el Teniente General (RE) Benjamín Rattenbach - 9. Los ferrocarriles argentinos en el desarrrollo nacional y la integración territorial, por el Licenciado Juan Alberto Roccatagliata.1 aCarranza, Enrique L.1 aCastiñeiras, Pedro P.1 aDaus, Federico A.1 aDozo, Servando Ramón Manuel1 aGioja, Rolando I.1 aRattenbach, Benjamin1 aRoccatagliata, Juan A.